000 00878cam a22002891 4500
005 20260322212048.0
008 data
010 _a 35027231
020 _a9781406728781
040 _aDLC
_cOAU
_dDLC
050 0 0 _aTT290
_b.B3
082 _a745
092 _a745 B3 1935
100 1 _aBang, Eleonore E.
245 1 0 _aLeathercraft for amateurs,
_cEleonore E. Bang, Charles Elmer White & Fellowcrafters Guild, Boston.
250 _aReprint.
260 _aBoston, Mass.,
_bThe Beacon press, inc.,
_c1935.
300 _axii. 114 p.
_billus.
_c20 cm.
490 0 _aThe Beacon handicraft series
650 0 _aLeatherwork.
700 1 _aWhite, Charles Elmer,
_d1876-
_eillus.
710 2 _aFellowcrafters Guild, Boston.
906 _a7
_bcbc
_coclcrpl
_du
_encip
_f19
_gy-gencatlg
985 _eOCLC REPLACEMENT
991 _bc-GenColl
_hTT290
_i.B3
_tCopy 1
_wOCLCREP
001 data
999 _c1135
_d1135